Boyhood in Norway : (Record no. 230135)
[ view plain ]
| 000 -LEADER | |
|---|---|
| fixed length control field | 01005cam a22002533a 4500 |
| 001 - CONTROL NUMBER | |
| control field | 784 |
| 003 - CONTROL NUMBER IDENTIFIER | |
| control field | PGUSA |
| 005 - DATE AND TIME OF LATEST TRANSACTION | |
| control field | 20140828082952.0 |
| 008 - FIXED-LENGTH DATA ELEMENTS--GENERAL INFORMATION | |
| fixed length control field | 970101s1997||||xxu|||||s|||||000 1 eng d |
| 040 ## - CATALOGING SOURCE | |
| Original cataloging agency | PGUSA |
| Language of cataloging | eng |
| 042 ## - AUTHENTICATION CODE | |
| Authentication code | dc |
| 050 #4 - LIBRARY OF CONGRESS CALL NUMBER | |
| Classification number | PZ |
| 100 1# - MAIN ENTRY--PERSONAL NAME | |
| Personal name | Boyesen, Hjalmar Hjorth, |
| Dates associated with a name | 1848-1895 |
| 245 10 - TITLE STATEMENT | |
| Title | Boyhood in Norway : |
| Remainder of title | Stories of Boy-Life in the Land of the Midnight Sun |
| Medium | [electronic resource] / |
| Statement of responsibility, etc | Hjalmar Hjorth Boyesen |
| 260 ## - PUBLICATION, DISTRIBUTION, ETC. (IMPRINT) | |
| Name of publisher, distributor, etc | Project Gutenberg, |
| Date of publication, distribution, etc | 1997 |
| 505 0# - FORMATTED CONTENTS NOTE | |
| Formatted contents note | The battle of the rafts -- Biceps Grimlund's Christmas vacation -- The nixy's strain -- The wonder child -- "The sons of the vikings" -- Paul Jespersen's masquerade -- Lady Clare the story of a horse -- Bonnyboy -- The child of luck -- The bear that had a bank account. |
| 506 ## - RESTRICTIONS ON ACCESS NOTE | |
| Terms governing access | Public domain in the USA. |
| 516 ## - TYPE OF COMPUTER FILE OR DATA NOTE | |
| Type of computer file or data note | Electronic text |
| 653 ## - INDEX TERM--UNCONTROLLED | |
| Uncontrolled term | Boys -- Fiction |
| 653 ## - INDEX TERM--UNCONTROLLED | |
| Uncontrolled term | Norway -- Fiction |
| 830 #0 - SERIES ADDED ENTRY--UNIFORM TITLE | |
| Uniform title | Project Gutenberg |
| Volume number/sequential designation | 784 |
| 856 40 - ELECTRONIC LOCATION AND ACCESS | |
| Uniform Resource Identifier | <a href="http://www.gutenberg.org/ebooks/784">http://www.gutenberg.org/ebooks/784</a> |
| 942 ## - ADDED ENTRY ELEMENTS (KOHA) | |
| Koha item type | eBooks |
| Withdrawn status | Lost status | Damaged status | Home library | Current library | Date acquired | Total Checkouts | Date last seen | Price effective from | Koha item type |
|---|---|---|---|---|---|---|---|---|---|
| Project Gutenberg | Project Gutenberg | 08/28/2014 | 08/28/2014 | 08/28/2014 | eBooks |